India's vision for global prosperity/ (Record no. 159638)

MARC details
000 -LEADER
fixed length control field 00600nam a22001937a 4500
005 - DATE AND TIME OF LATEST TRANSACTION
control field 20181227121404.0
010 ## - LCCN (DPL NO)
LC control number ENG-124602
020 ## - INTERNATIONAL STANDARD BOOK NUMBER
International Standard Book Number 9789386300959
Terms of availability 400.00
035 ## - SYSTEM CONTROL NUMBER
System control number EN-108134
037 ## - SOURCE OF ACQUISITION
Source of stock number/acquisition DBAD/PUB
082 ## - DEWEY DECIMAL CLASSIFICATION NUMBER
Classification number 954.09
100 ## - MAIN ENTRY--PERSONAL NAME
Personal name Pandya, Anand Shankar
245 ## - TITLE STATEMENT
Title India's vision for global prosperity/
Statement of responsibility, etc by Anand Shankar Pandya; ed. by Pramod Kumar
260 ## - PUBLICATION, DISTRIBUTION, ETC. (IMPRINT)
Place of publication, distribution, etc New Delhi
Name of publisher, distributor, etc Prabhat Prakashan
Date of publication, distribution, etc 2017
270 ## - ADDRESS
Address 4/19, Asaf Ali Road,
City New Delhi
Postal code 110002
300 ## - PHYSICAL DESCRIPTION
Extent 336p.
Dimensions 21cm.(Hb)
Other physical details ill.
700 ## - ADDED ENTRY--PERSONAL NAME
Personal name Pramod Kumar
942 ## - ADDED ENTRY ELEMENTS (KOHA)
Source of classification or shelving scheme Dewey Decimal Classification
Item type English Books
Call number suffix PAN
Classification part 954.09
Holdings
Withdrawn status Lost status Not for loan Collection code Home library Current library Date acquired Source of acquisition Cost, normal purchase price Full call number Barcode Copy number Cost, replacement price Koha item type
    Not For Loan Non-fiction D.B.Act.Division Bawana 27/12/2018 DBAD/PUB 400.00 954.09 PAN EN-108134 1 400.00 English Books

© Delhi Public Library
Hit Counter
free hit counter